Normal view MARC view

Entry Meeting Name

Number of records used in: 1

001 - CONTROL NUMBER

  • control field: 16189

003 - CONTROL NUMBER IDENTIFIER

  • control field: OSt

005 - DATE AND TIME OF LATEST TRANSACTION

  • control field: 20211105134019.0

008 - FIXED-LENGTH DATA ELEMENTS

  • fixed length control field: 211105|| aca||aabn | a|a d

040 ## - CATALOGING SOURCE

  • Original cataloging agency: OSt
  • Transcribing agency: OSt

111 ## - HEADING--MEETING NAME

  • Meeting name or jurisdiction name as entry element: International Workshop of the OAC and NATO Advanced Research Workshop on Solar and Stellar Granulation
  • Location of meeting: Capri, Italy
  • Date of meeting or treaty signing: 1988 June 21-25

670 ## - SOURCE DATA FOUND

  • Source citation: Work cat.: (OSt): International Workshop of the OAC and NATO Advanced Research Workshop on Solar and Stellar Granulation Capri, Italy 1988 June 21-25, Solar and stellar granulation, 1989

Powered by Koha